A reklám-kép retorikája
Elmentve itt :
| Szerző: | |
|---|---|
| Adatforrás: | Meister |
| Forrásdokumentuma: | Kellék. - 11-12 sz., 1998, 179-188 p. |
| Nyelv: | magyar |
| Kulcsszavak: | szemantika-szemiotika imagisztika reklám retorika képiség manipuláció ARISZTOTELÉSZ BARTHES Roland |
| LEADER | 00525nab a2200205 i 4500 | ||
|---|---|---|---|
| 001 | bibPRO00004176 | ||
| 008 | 060524s1998 xx hun | ||
| 040 | |a Sz1 | ||
| 041 | |a hun | ||
| 100 | 1 | |a GREGUS Zoltán | |
| 245 | 1 | 2 | |a A reklám-kép retorikája |c GREGUS Zoltán |
| 695 | |a szemantika-szemiotika | ||
| 695 | |a imagisztika | ||
| 695 | |a reklám | ||
| 695 | |a retorika | ||
| 695 | |a képiség | ||
| 695 | |a manipuláció | ||
| 695 | |a ARISZTOTELÉSZ | ||
| 695 | |a BARTHES Roland | ||
| 773 | 0 | |t Kellék. - |g 11-12 sz., 1998, 179-188 p. | |